|
|
|
|
| LEADER |
00000cam a2200000 a 4500 |
| 001 |
vtls001482237 |
| 003 |
SK-MaSNL |
| 005 |
20260301093339.0 |
| 008 |
240226s1804 xo a 000 0 hun |
| 015 |
|
|
|a SNBHFA1804
|
| 035 |
|
|
|a urn:nbn:sk:snk-am00eocx
|
| 035 |
|
|
|a urn:nbn:sk:snk-am3ilj5
|
| 035 |
|
|
|a 5BF750D4-419E-4AF4-AB34-861D34FF5353
|
| 040 |
|
|
|a SNK
|b slo
|c SNK
|e AACR2
|
| 041 |
0 |
|
|a hun
|
| 044 |
|
|
|a xo
|c SK
|
| 072 |
|
7 |
|a 27
|x Kresťanstvo. Kresťanská cirkev všeobecne. Ekleziológia
|2 konspekt
|
| 080 |
|
|
|a 27-75
|2 2011
|
| 130 |
2 |
|
|a A' Romai
|9 425585
|
| 245 |
1 |
2 |
|a A' Romai Katolikus Katekizmus, Mellyben Jó Rend Szerént Elő Adódik. Természeti Törvénynek, A' Hit, és az Erköltsi Jóságok Törvényének Tanúsága A' leg igazabb, 's leg bizonyosabb eredeti Kút Fő szerént A' szenr Irás, és az Anyaszentegyház Traditziói
|c E Ö Excellenztiájának A' Fő Méltóságú Fuchs Xav. Ferentz Nyittrai Püspök Úrnak Kegyelmes Parantsolátjára Forditotta Bielek László e scholis piis
|
| 260 |
|
|
|a Nagy - Szombathan
|b Jelinek Ventzel Betüivel
|c 1804
|
| 300 |
|
|
|a 58 s.
|c 14 cm
|
| 500 |
|
|
|a Drevorez nad textom. Ozdobná linka. Typograficé ozdoby. Zložky. Kustody
|
| 610 |
2 |
7 |
|a Rímskokatolícka cirkev
|2 SNKKA
|9 32394
|
| 650 |
0 |
7 |
|a katechizmy
|2 SNKPH
|9 37059
|
| 700 |
1 |
|
|a Bielek, Ladislav,
|d 1744-1807
|4 trl
|9 425586
|
| 700 |
1 |
|
|a Fuchs, František Xaver,
|d 1744-1807
|4 edt
|9 123406
|
| 700 |
1 |
|
|a Jelínek, Václav,
|d 1731-1823
|4 prt
|9 158461
|
| 752 |
|
|
|a Slovensko
|d Trnava
|
| 852 |
|
|
|a snk
|p SE 2082
|
| 958 |
|
|
|a ONDV
|
| 999 |
|
|
|c 676721
|d 678651
|
| 952 |
|
|
|a SNK
|b SNK
|y PREZ
|7 0
|p 17A0721019
|o snkSE 2082
|i snkKSF 5839/57
|0 0
|1 0
|4 0
|d 2011-11-08
|f 1
|l 0
|r 2026-02-23 19:44:43
|w 2026-02-23
|
| 952 |
|
|
|a SNK
|b SNK
|y PREZ
|7 0
|p 17A0436688
|o snkSE 2082 D1
|i snkK 680/80
|8 3
|3 rekatalogizácia
|0 0
|1 0
|4 0
|d 2004-09-22
|l 0
|r 2005-01-02 00:00:00
|w 2026-02-23
|